Metodología práctica de la gestión de stocks (Record no. 178481)

MARC details
000 -LEADER
campo de control de longitud fija 00770nam a22002055i 4500
001 - NÚMERO DE CONTROL
campo de control 178481
003 - IDENTIFICADOR DE NÚMERO DE CONTROL
campo de control ES-MaACL
005 - FECHA Y HORA DE LA ÚLTIMA TRANSACCIÓN
campo de control 20250902030434.0
008 - DATOS DE LONGITUD FIJA--INFORMACIÓN GENERAL
campo de control de longitud fija 110602s1969 sp |||| | spa d
080 ## - NÚMERO DE LA CLASIFICACIÓN DECIMAL UNIVERSAL
Número de la Clasificación Decimal Universal 658.78
100 1# - ENTRADA PRINCIPAL--NOMBRE DE PERSONA
Nombre de persona Muro Saenz, Javier.
9 (RLIN) 146884
245 10 - MENCIÓN DEL TÍTULO
Título Metodología práctica de la gestión de stocks
Resto del título : (a través de los procesos estocásticos) /
Mención de responsabilidad, etc. por Javier Muro Saenz.
260 ## - PUBLICACIÓN, DISTRIBUCIÓN, ETC.
Lugar de publicación, distribución, etc. Madrid :
Nombre del editor, distribuidor, etc. ICE,
Fecha de publicación, distribución, etc. D. L. 1969.
300 ## - DESCRIPCIÓN FÍSICA
Extensión VIII, 248 p. ;
Dimensiones 24 cm.
490 1# - MENCIÓN DE SERIE
Mención de serie Selecciones de economía de la empresa. Serie B : Técnicas de gestión ;
Designación de volumen o secuencia 7
650 04 - PUNTO DE ACCESO ADICIONAL DE MATERIA--TÉRMINO DE MATERIA
Término de materia o nombre geográfico como elemento de entrada Gestión de stocks.
9 (RLIN) 13117
830 00 - PUNTO DE ACCESO ADICIONAL DE SERIE-TÍTULO UNIFORME
Título uniforme Selecciones de economía de la empresa (ICE)
Designación de volumen o secuencia 7
9 (RLIN) 190989
852 ## - LOCALIZACIÓN
Ubicación ES-MaACL
Número de control de estantería E-15231
Encuadernación Olim P-1278
Holdings
Estatus retirado Estado de pérdida Estado de daño No para préstamo Biblioteca de origen Biblioteca actual Ubicación en estantería Fecha de adquisición Fuente de adquisición Total de préstamos Signatura topográfica completa Código de barras Visto por última vez Precio de reemplazo Tipo de ítem Koha
        Biblioteca del Ateneo de Madrid Biblioteca del Ateneo de Madrid Depósito 2 02/06/2011     E-15231 1187484 23/02/2023 23/02/2023 Libro impreso